1126 1337 1381 1985 1563 1919 1770 1602 1470 1920 1579 1068 1663 1277 1455 1591 1568 1552 1609 1987 1056 1182 1310 1375 1775 1953 1674 1122 1913 1772 1751 1949 1290 1267 1035 1071 1159 1918 1037 1249 1587 1166 1222 1598 1689 1502 1732 1758 1950 1922 1279 1076 1245 1909 1287 1095 1359 1135 1550 1717 1102 1679 1669 1857 1462 1603 1770 1180 1675 1299 1247 1837 1656 1189 1705 1445 1124 1643 1560 1410 1277 1764 1693 1063 1034 1329 1757 1889 1138 1619 1983 1651 1188 1900 1793 1771 1323 1118 1480 BCNSPRNW ULIB Ver.6.0+V

เปลี่ยนเป็นภาษาไทย

Change to English
 แสดงรายละเอียดบรรณานุกรม
  กลับหน้าหลัก

Brief Record : Get Marc (ISO 2709) : E-mail record : QR code < ปิดหน้าต่าง
LEADER : 00000nam 2200000uu 4500
001    13399113269
003     ULIB
008    111005s2551||||th 000 0 tha d
020    9789740581253
050  4 TK105.5^bบ226ค 2551
245 00 คู่มือการสร้างหนังสือ e-book /^cบริษัท โอเพ่นเซิร์ฟ(ประเทศไทย) จำกัด ; กรรณิการ์ จินดารัตน์ ... [และคนอื่นๆ]
250    พิมพ์ครั้งที่ 1
260    กรุงเทพฯ :^bโซลูชั่น คอนเนอร์ (1988),^c2551
300    vii, 176, v หน้า :^bภาพประกอบ ;^c23 ซม.
650  4 หนังสืออิเล็กทรอนิกส์
650  4 ไอเลิฟไลบรารี (โปรแกรมคอมพิวเตอร์)
700 0  กรรณิการ์ จินดารัตน์,^eบรรณาธิการ
710 2  บริษัทโอเพ่นเซิร์ฟ (ประเทศไทย)
945    ^p195^l0^i025984
945    ^p195^l0^i025985
995    ทศพร
999 ^a ทศพร
รายการนี้ยังไม่มีแท็ก
คุณยังไม่ได้ล็อกอิน คุณสามารถมีกิจกรรมร่วมกับเว็บไซต์ได้ แต่ต้องล็อกอินก่อน ::
  ล็อกอิน

รายการสื่อสารสนเทศ

ลำดับที่ ประเภท เลขเรียก/บาร์โค้ด สถานที่ สถานะ
- ไม่พบข้อมูล -

รายการใกล้เคียง
    หัวเรื่อง [หนังสืออิเล็กทรอนิกส์]
    หัวเรื่อง [ไอเลิฟไลบรารี (โปรแกรมคอมพิวเตอร์)]

BibComment


ยังไม่เคยถูกคอมเมนท์

คอมเมนท์ทรัพยากรรายการนี้
  คอมเมนท์: คู่มือการสร้างหนั..


 Copyright 2026. Bcnsprnw @Library